[Event "4th Stage Russian Cup"]
[Site "Samara RUS"]
[Date "2002.07.30"]
[Round "5"]
[White "Blatov,I"]
[Black "Pavlov,De"]
[Result "1/2-1/2"]
[WhiteElo "2324"]
[BlackElo "2263"]
[EventDate "2002.07.26"]

1. e4 c5 2. Nf3 Nc6 3. Nc3 Nf6 4. d4 cxd4 5. Nxd4 e5 6. Ndb5 d6 7. Nd5 Nxd5
8. exd5 Nb8 9. c4 Nd7 10. g3 Be7 11. Bg2 O-O 12. O-O a6 13. Nc3 f5 14. f4
Bf6 15. Qc2 e4 16. Be3 Nc5 17. Rfd1 b6 18. Bf1 a5 19. Nb5 Qe7 20. Rab1 Bd7
21. Nd4 Rac8 22. Qd2 g6 23. b3 Rfe8 24. Qf2 Qg7 25. Kh1 h6 26. Rd2 Kh7 27.
Rdd1 Re7 28. Nc2 b5 29. cxb5 Nd3 30. Bxd3 exd3 31. Na3 Rc2 32. Rd2 Qg8 33.
Nxc2 Qxd5+ 34. Kg1 dxc2 35. Rxc2 Bxb5 36. Qg2 Qd3 37. Rd2 Qc3 38. Qf2 Bd3
1/2-1/2

[Event "4th Stage Russian Cup"]
[Site "Samara RUS"]
[Date "2002.07.30"]
[Round "5"]
[White "Sunjaikin,B"]
[Black "Kondenko,A"]
[Result "1/2-1/2"]
[WhiteElo "2219"]
[BlackElo "2335"]
[EventDate "2002.07.26"]

1. e4 d5 2. exd5 Nf6 3. Nf3 Nxd5 4. c4 Nf6 5. d4 g6 6. Be2 Bg7 7. O-O O-O
8. Nc3 Bf5 9. h3 Nc6 10. Be3 Ne4 11. Nxe4 Bxe4 12. d5 Nb4 13. Ng5 Bf5 14.
g4 Bd7 15. Qb3 a5 16. a3 Na6 17. Qxb7 Qb8 18. Qxb8 Rfxb8 19. c5 Rxb2 20.
Bxa6 Rxa6 21. c6 Bc8 22. Rab1 Ra8 23. Rxb2 Bxb2 24. Bc5 h6 25. Nf3 Ba6 26.
Rb1 Bf6 27. Re1 Bc4 28. Bxe7 Bxd5 29. Bxf6 Bxf3 30. Re7 Bxc6 31. Rxc7
1/2-1/2

[Event "4th Stage Russian Cup"]
[Site "Samara RUS"]
[Date "2002.07.30"]
[Round "5"]
[White "Kazancev,V"]
[Black "Rjabzev,K"]
[Result "1-0"]
[WhiteElo "2343"]
[BlackElo "2265"]
[EventDate "2002.07.26"]

1. c4 e6 2. Nf3 Nf6 3. g3 d5 4. Bg2 Be7 5. O-O O-O 6. b3 c5 7. Bb2 Nc6 8.
cxd5 Nxd5 9. Nc3 Nxc3 10. Bxc3 Rb8 11. Rc1 b6 12. d4 Bb7 13. dxc5 Bxc5 14.
Qc2 Qe7 15. h4 f6 16. Rfd1 Rbc8 17. Bh3 Kh8 18. h5 Ne5 19. Nd4 f5 20. h6
Kg8 21. hxg7 Qxg7 22. b4 Qh6 23. bxc5 Qxh3 24. c6 Rxc6 25. Nf3 Rc4 26. Bxe5
Rxc2 27. Rxc2 Bd5 28. Rc7 Qg4 29. Rdc1 Rd8 30. Bf6 Re8 31. Ne5 Qa4 32. Rg7+
1-0

[Event "4th Stage Russian Cup"]
[Site "Samara RUS"]
[Date "2002.07.30"]
[Round "5"]
[White "Kosintseva,N"]
[Black "Kozlitin,O"]
[Result "1-0"]
[WhiteElo "2394"]
[BlackElo "2273"]
[EventDate "2002.07.26"]

1. e4 c5 2. c3 Nf6 3. e5 Nd5 4. Nf3 d6 5. d4 cxd4 6. cxd4 Nc6 7. Bc4 Nb6 8.
Bb5 dxe5 9. Nxe5 Bd7 10. Nxd7 Qxd7 11. O-O e6 12. Nc3 Be7 13. Qg4 O-O 14.
Bxc6 bxc6 15. Bh6 Bf6 16. Rfd1 Kh8 17. Ne4 Rg8 18. Bg5 Bd8 19. Bxd8 Raxd8
20. Ng5 h6 21. Rac1 Rgf8 22. Nf3 f6 23. Re1 Rfe8 24. Qe4 Rc8 25. Rc5 Na4
26. Rc2 Qd5 27. b3 Qxe4 28. Rxe4 Nb6 29. h4 Kg8 30. h5 Kf7 31. Kf1 Re7 32.
Ne1 Rd7 33. Nd3 e5 34. Nb4 exd4 35. Rxc6 d3 36. Ke1 Rxc6 37. Nxc6 Rc7 38.
Nb4 Rc1+ 39. Kd2 Ra1 40. Re1 Rxe1 41. Kxe1 Ke6 42. Kd2 Kf5 43. Kxd3 Kg5 44.
Nc6 Nc8 45. a4 Kxh5 46. a5 Kg5 47. b4 Kf5 48. b5 Ke6 49. a6 Kd5 50. Nxa7
Nb6 51. Nc6 h5 52. Nd4 g5 53. a7 h4 54. f3 Kc5 55. Ke4 Na8 56. Ne6+ Kxb5
57. Kf5 Nb6 58. Kxf6 g4 59. fxg4 Ka6 60. g5 Kxa7 61. g6 Nd5+ 62. Kf7 Ne3
63. g7 Nf5 64. g8=Q Nh6+ 65. Kg7 Nxg8 66. Kxg8 Kb6 67. Kg7 Kc6 68. Kf6 Kd5
69. Kf5 1-0

[Event "4th Stage Russian Cup"]
[Site "Samara RUS"]
[Date "2002.07.30"]
[Round "5"]
[White "Tihonov,J"]
[Black "Rodchenkov,V"]
[Result "1/2-1/2"]
[WhiteElo "2382"]
[BlackElo "2305"]
[EventDate "2002.07.26"]

1. d4 d5 2. Nf3 e6 3. c4 dxc4 4. e3 a6 5. Bxc4 Nf6 6. O-O c5 7. a4 Nc6 8.
Qe2 cxd4 9. Rd1 Be7 10. exd4 O-O 11. Nc3 Nd5 12. Bb3 Ncb4 13. Ne5 Bd7 14.
Nxd5 Nxd5 15. Bd2 Bd6 16. Qf3 Bc6 17. Rac1 Rc8 18. Qd3 Bxe5 19. dxe5 Qh4
20. Rc4 Qh5 21. Re1 Nb6 22. Rd4 Qg6 23. Qxg6 hxg6 24. Ba5 Bd5 25. Bd1 Nc4
26. Bc3 Rfd8 27. h4 Rd7 28. h5 gxh5 29. Bxh5 b5 30. axb5 axb5 31. Bf3 Nb6
32. Be2 Bc4 33. Rxd7 Nxd7 34. Bf3 Nb6 35. Bd4 Nd5 36. Ra1 Nf4 37. Kh2 Bd5
38. Kg3 Bxf3 39. Kxf3 Nd5 40. Ke4 Nb4 41. b3 Nd5 42. Ra5 b4 43. Bc5 g5 44.
Kd4 Kg7 45. g4 Rh8 46. Kc4 Rh3 47. Bxb4 Kg6 48. Be1 Nb6+ 49. Kb4 Rd3 50.
Ra1 Rf3 51. Rb1 Rf4+ 52. Kb5 Nd5 53. b4 Rxg4 54. Kc5 Re4 55. Kd6 Kf5 56. b5
Rxe5 57. Bd2 Re2 58. Be3 g4 59. b6 Nxb6 60. Bxb6 Kf4 61. Rb4+ Re4 62. Rb3
Kg5 63. Rb5+ Kg6 1/2-1/2

[Event "4th Stage Russian Cup"]
[Site "Samara RUS"]
[Date "2002.07.30"]
[Round "5"]
[White "Gareev,T"]
[Black "Krishilovsky,A"]
[Result "1-0"]
[WhiteElo "2191"]
[BlackElo "2040"]
[EventDate "2002.07.26"]

1. d4 Nf6 2. c4 c5 3. d5 b5 4. cxb5 a6 5. b6 a5 6. Nc3 Ba6 7. Nf3 d6 8.
Qa4+ Nfd7 9. g3 g6 10. h4 h6 11. Bh3 Bg7 12. O-O Qxb6 13. Bf4 Qb4 14. Qc2
a4 15. Bd2 Qb7 16. Rfe1 Nb6 17. e4 N8d7 18. Nxa4 Nxa4 19. Qxa4 Bb5 20. Qb3
c4 21. Qc2 Nc5 22. Bc3 O-O 23. Bxg7 Kxg7 24. Qc3+ Kh7 25. Bf1 Rfc8 26. Nd4
Ba6 27. a4 Qb6 28. h5 Rab8 29. Ra2 Qc7 30. hxg6+ fxg6 31. Bxc4 Nxe4 32.
Rxe4 Qxc4 33. Rxe7+ Kg8 34. Nb5 Qxc3 35. bxc3 Bxb5 36. axb5 Rxb5 37. c4 Rb4
38. Raa7 Rbxc4 39. Rg7+ Kf8 40. Rxg6 Rd8 41. Rf6+ Kg8 42. Rg6+ Kf8 43. Rxh6
Rd4 44. Rh8+ 1-0

[Event "4th Stage Russian Cup"]
[Site "Samara RUS"]
[Date "2002.07.30"]
[Round "5"]
[White "Pisakov,I"]
[Black "Akhmadeev,V"]
[Result "1-0"]
[WhiteElo "2260"]
[BlackElo "2414"]
[EventDate "2002.07.26"]

1. e4 c5 2. Nf3 d6 3. c3 Nf6 4. h3 e6 5. Bb5+ Bd7 6. Bxd7+ Qxd7 7. Qe2 Nc6
8. O-O Be7 9. Rd1 O-O 10. d3 Qc7 11. Bf4 e5 12. Bg5 Ne8 13. Be3 Bf6 14. d4
b6 15. a4 Qe7 16. d5 Nb8 17. a5 Qb7 18. Na3 bxa5 19. Nc4 Bd8 20. Nfxe5 dxe5
21. Bxc5 Nd7 22. Bxf8 Kxf8 23. Nxa5 Bxa5 24. Rxa5 Rb8 25. c4 Qb4 26. Rxa7
Nef6 27. d6 g6 28. Rc7 Nc5 29. Qd2 Qxd2 30. Rxd2 Ne6 31. f3 Ne8 32. Rc6 Nd8
33. Rc5 Rb4 34. Rc8 1-0

[Event "4th Stage Russian Cup"]
[Site "Samara RUS"]
[Date "2002.07.30"]
[Round "5"]
[White "Kim,Se"]
[Black "Kosintseva,T"]
[Result "1-0"]
[WhiteElo "2268"]
[BlackElo "2441"]
[EventDate "2002.07.26"]

1. e4 c5 2. Nf3 d6 3. g3 g6 4. Bg2 Bg7 5. O-O Nc6 6. c3 e5 7. a3 Nge7 8. d3
O-O 9. b4 a6 10. Nbd2 b6 11. Bb2 Bb7 12. h4 cxb4 13. axb4 d5 14. Qb3 dxe4
15. dxe4 Bc8 16. Rfd1 Be6 17. Qa3 Qc7 18. Nf1 b5 19. Ne3 Nc8 20. Ng5 Bd7
21. Rd2 h6 22. Rad1 Nb6 23. Nd5 Nxd5 24. Rxd5 Bg4 25. Nf3 Rfd8 26. Kh2 Be6
27. Rxd8+ Nxd8 28. Qa1 Nb7 29. Bc1 Nd6 30. Be3 Nc4 31. Bc5 a5 32. Nd2 a4
33. Bf1 Bg4 34. Nxc4 Bxd1 35. Nb6 Rd8 36. Nd5 Rxd5 37. exd5 Bf3 38. Bxb5
Bxd5 39. Qxa4 Qc8 40. c4 Bf3 41. Bd7 Qb7 42. Qb3 e4 43. Qa4 Qc7 44. Bh3 Qe5
45. Bg2 Kh7 46. Bxf3 exf3 47. Qd1 Qe2 48. Qd5 Kg8 49. Qd8+ Kh7 50. Qd5 Kg8
51. b5 Qf1 52. Qxf3 Qxc4 53. Qc6 Kh7 54. Be3 Qb3 55. b6 Be5 56. h5 gxh5 57.
Qe4+ 1-0

[Event "4th Stage Russian Cup"]
[Site "Samara RUS"]
[Date "2002.07.30"]
[Round "5"]
[White "Kniazev,A"]
[Black "Egorov,E"]
[Result "1/2-1/2"]
[WhiteElo "2286"]
[BlackElo "2444"]
[EventDate "2002.07.26"]

1. e4 e6 2. d3 d5 3. Nd2 Nf6 4. Ngf3 b6 5. Qe2 Bc5 6. Nb3 Be7 7. e5 Nfd7 8.
g3 c5 9. Bg2 a5 10. Nbd2 Nc6 11. O-O Qc7 12. Re1 Bb7 13. Nf1 O-O-O 14. h4
h6 15. N1h2 b5 16. c3 Ba6 17. Bd2 b4 18. h5 c4 19. d4 Nb6 20. Ng4 Kb7 21.
Qd1 Rb8 22. Ne3 Bb5 23. Nh2 a4 24. cxb4 Nxb4 25. Qg4 a3 26. bxa3 Nc6 27.
Rab1 Ka6 28. Bb4 Ba4 29. Nf3 Rhg8 30. Rec1 Nc8 31. Bf1 Bxb4 32. axb4 Rxb4
33. Rxb4 Nxb4 34. Nxc4 Bb5 35. Rb1 dxc4 36. Rxb4 Nb6 37. Nd2 Nd5 38. Rb1
Qa5 39. Bxc4 Bxc4 40. Nxc4 Qxa2 41. Nd2 Qxd2 42. Qf3 Rc8 43. Ra1+ Kb6 44.
Qa3 Qb4 45. Qa7+ Kc6 46. Rc1+ Nc3 47. Qxf7 Kb6 48. Kg2 Rc6 49. Ra1 Na4 50.
Qe8 Qxd4 51. Qb8+ Ka5 52. Rb1 Nc3 53. Ra1+ Na4 54. Rb1 Qd5+ 55. Kh2 Qc5 56.
Qa8+ Ra6 57. Qd8+ Rb6 58. Qa8+ Ra6 59. Qd8+ 1/2-1/2

[Event "4th Stage Russian Cup"]
[Site "Samara RUS"]
[Date "2002.07.30"]
[Round "5"]
[White "Tishin,P"]
[Black "Geller,J"]
[Result "1/2-1/2"]
[WhiteElo "2513"]
[BlackElo "2406"]
[EventDate "2002.07.26"]

1. e4 e5 2. Nf3 Nc6 3. Bc4 Bc5 4. d3 Nf6 5. c3 O-O 6. O-O d6 7. Nbd2 a6 8.
Bb3 Ba7 9. h3 Nh5 10. Re1 Nf4 11. Nf1 Qf6 12. d4 Ne7 13. Ng3 Neg6 14. Nh5
Qe7 15. Bxf4 Nxf4 16. Nxf4 exf4 17. Qd2 Qf6 18. e5 dxe5 19. Rxe5 Bd7 20.
Rae1 c5 21. d5 Rad8 22. Bc2 Bb8 23. R5e2 g6 24. b3 b5 25. c4 Bc7 26. Bd3
Rfe8 27. Qc2 Ba5 28. Rxe8+ Bxe8 29. Re2 Bc3 30. cxb5 axb5 31. a4 bxa4 32.
bxa4 Kf8 33. a5 Rxd5 34. a6 Rd8 35. Be4 Qxa6 36. Qxc3 Qxe2 37. Qh8+ Ke7 38.
Qe5+ Kf8 1/2-1/2

[Event "4th Stage Russian Cup"]
[Site "Samara RUS"]
[Date "2002.07.30"]
[Round "5"]
[White "Temirbaev,S"]
[Black "Bezgodov,A"]
[Result "1/2-1/2"]
[WhiteElo "2433"]
[BlackElo "2518"]
[EventDate "2002.07.26"]

1. d4 d5 2. c4 e6 3. Nf3 c5 4. cxd5 exd5 5. g3 Nc6 6. Bg2 Nf6 7. O-O Be7 8.
Nc3 O-O 9. Bg5 cxd4 10. Nxd4 h6 11. Be3 Re8 12. Qb3 Na5 13. Qc2 Bg4 14. Nf5
Rc8 15. Bd4 Bc5 16. Bxc5 Rxc5 17. Ne3 Bh5 18. Qa4 Nc6 19. Rfd1 Qb6 20. Qb3
Qxb3 21. axb3 Kf8 22. Nexd5 Nxd5 23. Bxd5 Bxe2 24. Bxc6 Rxc6 25. Nxe2 Rxe2
26. Rxa7 g5 27. Rxb7 Rxb2 28. h3 1/2-1/2

[Event "4th Stage Russian Cup"]
[Site "Samara RUS"]
[Date "2002.07.30"]
[Round "5"]
[White "Bocharov,D"]
[Black "Yashtylov,A"]
[Result "1-0"]
[WhiteElo "2475"]
[BlackElo "2381"]
[EventDate "2002.07.26"]

1. d4 d5 2. c4 e6 3. Nf3 Nf6 4. Nc3 Bb4 5. Bg5 h6 6. Bh4 c5 7. e3 Qa5 8.
Bxf6 gxf6 9. cxd5 exd5 10. Rc1 c4 11. Be2 Bxc3+ 12. bxc3 Qxa2 13. O-O Nc6
14. Nd2 f5 15. Rb1 Qa3 16. Bf3 Qd6 17. Qe1 Ne7 18. Bd1 a6 19. f3 b5 20. e4
Kd8 21. Rf2 Be6 22. Nf1 Kc7 23. Ng3 Rhg8 24. Bc2 Rae8 25. Qc1 Rg5 26. e5
Qd7 27. f4 Rg6 28. Nf1 Nc6 29. Qb2 Rb8 30. Ra1 a5 31. Ne3 Rgg8 32. Rff1 Rb7
33. Qb1 b4 34. Ba4 bxc3 35. Qe1 Qe7 36. Bxc6 Kxc6 37. Rxa5 Rb5 38. Rxb5
Kxb5 39. Qxc3 Qb4 40. Qc2 Kc6 41. Nxf5 c3 42. Rb1 Bxf5 43. Qxf5 Qxd4+ 44.
Kh1 Qd2 45. Qf6+ Kc5 46. Qb6+ Kc4 47. Qb3+ Kd4 48. Rd1 Rb8 49. Rxd2+ cxd2
50. Qd1 Ke3 51. Kg1 Rb4 52. Qf3+ Kd4 53. Kf2 Kc4 54. Ke2 Rb3 55. Qxb3+ Kxb3
56. Kxd2 Kc4 57. f5 Kc5 58. f6 Kc6 59. e6 1-0

[Event "4th Stage Russian Cup"]
[Site "Samara RUS"]
[Date "2002.07.30"]
[Round "5"]
[White "Kokarev,D"]
[Black "Melkozerov,D"]
[Result "1-0"]
[WhiteElo "2495"]
[BlackElo "2364"]
[EventDate "2002.07.26"]

1. e4 c5 2. Nf3 d6 3. d4 cxd4 4. Nxd4 Nf6 5. Nc3 a6 6. Bg5 e6 7. f4 Qb6 8.
a3 Nc6 9. Nb3 Bd7 10. Qd2 Be7 11. O-O-O Rc8 12. e5 Ng4 13. Bxe7 Nxe7 14.
Qxd6 Qxd6 15. Rxd6 Rc7 16. Na5 f6 17. Be2 Ne3 18. Bh5+ Ng6 19. exf6 gxf6
20. g3 Ke7 21. Rd3 Nf5 22. Re1 Kf7 23. Ne4 Ke7 24. Bg4 Nh6 25. Bh3 Nf7 26.
Nc3 1-0

[Event "4th Stage Russian Cup"]
[Site "Samara RUS"]
[Date "2002.07.30"]
[Round "5"]
[White "Yandarbiev,R"]
[Black "Azarov,S"]
[Result "1-0"]
[WhiteElo "2357"]
[BlackElo "2532"]
[EventDate "2002.07.26"]

1. e4 e5 2. Nf3 Nc6 3. Bb5 a6 4. Ba4 Nf6 5. O-O Be7 6. Re1 b5 7. Bb3 d6 8.
c3 O-O 9. h3 Nb8 10. d4 Nbd7 11. Nbd2 Bb7 12. Bc2 Re8 13. Nf1 Bf8 14. Ng3
g6 15. a4 c5 16. b3 cxd4 17. cxd4 exd4 18. Bb2 Bg7 19. axb5 axb5 20. Bxd4
Ne5 21. Nxe5 dxe5 22. Be3 Qc7 23. Rxa8 Rxa8 24. Bd3 b4 25. f3 Bf8 26. Qc1
Qa5 27. Nf1 Rc8 28. Qa1 Qa3 29. Bc4 Nd7 30. Rd1 Bc6 31. Kf2 Kg7 32. g4 Ra8
33. Qc1 Qxc1 34. Rxc1 Bb7 35. Bb5 Nf6 36. Nd2 Ra2 37. Ke2 Bd6 38. Kd3 h5
39. Bc5 Ba6 40. Bxd6 Bxb5+ 41. Ke3 Nd7 42. Bxb4 h4 43. g5 f6 44. gxf6+ Kxf6
45. f4 Ke6 46. fxe5 Nxe5 47. Bc3 Nd7 48. Rg1 Kf7 49. Rg4 Rc2 50. Bd4 Nb8
51. Rxh4 Nc6 52. Rf4+ Ke7 53. Bf6+ Ke6 54. Rf2 Rc1 55. Bb2 Re1+ 56. Kf3 Nb4
57. Rg2 Kf7 58. Nc4 Rf1+ 59. Ke3 Ba6 60. Bc3 Rb1 61. Ne5+ Ke8 62. Rb2 1-0

[Event "4th Stage Russian Cup"]
[Site "Samara RUS"]
[Date "2002.07.30"]
[Round "5"]
[White "Kraev,A"]
[Black "Belozerov,A"]
[Result "0-1"]
[WhiteElo "2330"]
[BlackElo "2541"]
[EventDate "2002.07.26"]

1. Nf3 Nf6 2. d4 e6 3. Bf4 b6 4. e3 Bb7 5. h3 c5 6. c3 cxd4 7. exd4 Be7 8.
Bd3 a6 9. a4 d6 10. O-O Nbd7 11. Bg3 Nf8 12. Nbd2 Ng6 13. c4 d5 14. b3 Nh5
15. Be5 O-O 16. Bxg6 hxg6 17. Qe2 Re8 18. Rac1 Rc8 19. a5 dxc4 20. bxc4
bxa5 21. Rfd1 Nf6 22. c5 Nd5 23. Nc4 Bc6 24. Nd6 Bxd6 25. Bxd6 Bb5 26. Qe5
f6 27. Qe4 Kf7 28. Qg4 Rh8 29. Re1 Qd7 30. Ra1 a4 31. Ra3 Rce8 32. Nh4 g5
33. Nf3 Rh6 34. Qg3 Bc6 35. Nd2 Reh8 36. Ne4 Nb4 37. Rf3 Rg6 38. Rc3 a3 39.
Nd2 a2 40. Nc4 g4 41. Bf4 Qxd4 42. Nd6+ Kg8 43. Ra3 Nc2 0-1

[Event "4th Stage Russian Cup"]
[Site "Samara RUS"]
[Date "2002.07.30"]
[Round "5"]
[White "Khairullin,I"]
[Black "Frolov,D"]
[Result "1/2-1/2"]
[WhiteElo "2329"]
[BlackElo "2459"]
[EventDate "2002.07.26"]

1. e4 e5 2. Nf3 Nf6 3. Nxe5 d6 4. Nc4 Nxe4 5. Nc3 Nxc3 6. bxc3 Be7 7. d4
O-O 8. Bd3 Bf6 9. O-O Nc6 10. Ne3 Re8 11. f4 Be7 12. Qf3 Bf8 13. Rb1 Ne7
14. f5 f6 15. Bc4+ d5 16. Nxd5 Nxd5 17. Bxd5+ Kh8 18. Bxb7 Rb8 19. Bd2 Bxb7
20. Rxb7 Rxb7 21. Qxb7 Re2 22. Rf2 Qe8 23. Kf1 Re7 24. h3 c5 25. Qa6 Qb8
26. Re2 Qb1+ 27. Be1 Rxe2 28. Qxe2 Qxa2 29. Qe8 Kg8 30. Qe4 1/2-1/2

[Event "4th Stage Russian Cup"]
[Site "Samara RUS"]
[Date "2002.07.30"]
[Round "5"]
[White "Abrashkin,B"]
[Black "Grebionkin,Vl"]
[Result "1/2-1/2"]
[WhiteElo "2379"]
[BlackElo "2475"]
[EventDate "2002.07.26"]

1. d4 Nf6 2. c4 g6 3. Nc3 d5 4. Bf4 Bg7 5. e3 c5 6. dxc5 Qa5 7. Rc1 dxc4 8.
Bxc4 O-O 9. Nf3 Qxc5 10. Bb3 Qa5 11. O-O Nc6 12. Qe2 Nh5 13. Bg5 Bg4 14.
Nd5 e6 15. Ne7+ Kh8 1/2-1/2

[Event "4th Stage Russian Cup"]
[Site "Samara RUS"]
[Date "2002.07.30"]
[Round "5"]
[White "Kurenkov,N"]
[Black "Kostenko,P"]
[Result "1/2-1/2"]
[WhiteElo "2381"]
[BlackElo "2482"]
[EventDate "2002.07.26"]

1. e4 c5 2. Nf3 e6 3. d4 cxd4 4. Nxd4 a6 5. Bd3 Nf6 6. O-O d6 7. f4 g6 8.
Kh1 Bg7 9. Nc3 O-O 10. f5 Nc6 11. Nxc6 bxc6 12. e5 dxe5 13. fxg6 fxg6 14.
Bg5 Qc7 15. Bxf6 Rxf6 16. Rxf6 Bxf6 17. Qf3 Bg7 18. Ne4 Qe7 19. c4 Rb8 20.
c5 Rxb2 21. Rf1 Bd7 22. Qd1 Rb4 23. a3 Rd4 24. Qb3 a5 25. Bc2 Qd8 26. Qf3
Qf8 27. Qe2 Qd8 28. Rb1 Bf8 29. Qf3 Be7 30. Rf1 Qf8 31. Qe2 Qh6 32. Qf3 Qf8
33. Qe2 Qh6 34. Qf3 Qf4 35. Qe2 Qh4 36. Qf3 Qf4 1/2-1/2

[Event "4th Stage Russian Cup"]
[Site "Samara RUS"]
[Date "2002.07.30"]
[Round "5"]
[White "Lysyj,I"]
[Black "Kuporosov,V"]
[Result "1-0"]
[WhiteElo "2382"]
[BlackElo "2486"]
[EventDate "2002.07.26"]

1. d4 Nf6 2. Nf3 e6 3. c4 d5 4. e3 Be7 5. Nc3 O-O 6. Bd3 dxc4 7. Bxc4 c5 8.
dxc5 Qxd1+ 9. Kxd1 Bxc5 10. a3 b6 11. Ke2 Bb7 12. b4 Be7 13. Bb2 Rc8 14.
Bd3 Nbd7 15. Rac1 a5 16. bxa5 Rxa5 17. a4 Nc5 18. Bb5 Nb3 19. Rcd1 h6 20.
Rd3 Nd5 21. Nxd5 Bxd5 22. Rc3 Raa8 23. Rd1 Bb4 24. Rxc8+ Rxc8 25. Kf1 Rc2
26. Be5 f6 27. Bg3 Kf7 28. h3 Ke7 29. Kg1 g5 30. e4 Bc6 31. Rb1 Bxb5 32.
Rxb3 Rc1+ 33. Kh2 Bxa4 34. Rxb4 b5 35. Nd4 h5 36. h4 g4 37. Nxb5 1-0

[Event "4th Stage Russian Cup"]
[Site "Samara RUS"]
[Date "2002.07.30"]
[Round "5"]
[White "Kotanjian,T"]
[Black "Alavkin,A"]
[Result "0-1"]
[WhiteElo "2388"]
[BlackElo "2498"]
[EventDate "2002.07.26"]

1. d4 d5 2. c4 c6 3. Nc3 Nf6 4. Nf3 a6 5. cxd5 cxd5 6. Bg5 Ne4 7. Bh4 Qa5
8. Qb3 e6 9. e3 Bd6 10. Bd3 f5 11. g4 Nxc3 12. bxc3 fxg4 13. Ng5 Be7 14.
Rg1 Nc6 15. f4 h6 16. Bg6+ Kd7 17. Rxg4 hxg5 18. fxg5 Bd6 19. O-O-O Ne7 20.
Bd3 Nf5 0-1

[Event "4th Stage Russian Cup"]
[Site "Samara RUS"]
[Date "2002.07.30"]
[Round "5"]
[White "Vulfson,V"]
[Black "Yandemirov,V"]
[Result "0-1"]
[WhiteElo "2412"]
[BlackElo "2502"]
[EventDate "2002.07.26"]

1. d4 Nf6 2. c4 g6 3. Nc3 d5 4. cxd5 Nxd5 5. e4 Nxc3 6. bxc3 Bg7 7. Nf3 c5
8. Be3 Qa5 9. Qd2 O-O 10. Rc1 Rd8 11. d5 e6 12. c4 Qxd2+ 13. Kxd2 b6 14.
Bd3 Na6 15. h3 Nb4 16. Bb1 f5 17. exf5 exd5 18. fxg6 hxg6 19. Bg5 Rd7 20.
Ke3 dxc4 21. Kf4 Nd3+ 22. Kg3 b5 23. Rce1 Bb7 24. Re3 Rf8 25. Rd1 Bxf3 26.
gxf3 Bd4 27. Re6 Kf7 28. Ra6 Re8 29. Kg2 Re2 30. Bxd3 cxd3 31. Rxd3 Rxf2+
32. Kg3 Re2 33. f4 c4 34. Rxd4 Rxd4 35. Rxa7+ Kf8 36. a4 Rd3+ 37. Kg4 Rg2+
38. Kh4 bxa4 39. Rxa4 c3 40. Rc4 c2 41. f5 gxf5 42. Kh5 Kf7 43. h4 Ke6 44.
Kg6 Rd1 0-1

[Event "4th Stage Russian Cup"]
[Site "Samara RUS"]
[Date "2002.07.30"]
[Round "5"]
[White "Tunik,G"]
[Black "Torbin,K"]
[Result "1-0"]
[WhiteElo "2505"]
[BlackElo "2388"]
[EventDate "2002.07.26"]

1. d4 d5 2. c4 dxc4 3. Nf3 Nf6 4. e3 e6 5. Bxc4 a6 6. O-O c5 7. dxc5 Bxc5
8. Qxd8+ Kxd8 9. Nbd2 b6 10. b3 Nbd7 11. Bb2 Bb7 12. Be2 Ke7 13. Rfc1 Rhc8
14. Nd4 Ne8 15. a3 Kf8 16. b4 Be7 17. N4b3 Rxc1+ 18. Rxc1 Rc8 19. Rxc8 Bxc8
20. Nc4 Nd6 21. f3 Nxc4 22. Bxc4 b5 23. Be2 e5 24. Bd3 g6 25. g4 Bb7 26.
Kf2 Bd5 27. Na5 Bd8 28. e4 Be6 29. a4 bxa4 30. Bxa6 f6 31. Bb5 Nb6 32. Nb7
Be7 33. Nc5 Bxc5+ 34. bxc5 Nc4 35. Bc1 a3 36. Bxc4 Bxc4 37. Bxa3 Ke7 38.
c6+ Kd8 39. Bd6 Bb5 40. c7+ Kd7 41. f4 Ba6 42. fxe5 Ke6 43. exf6 Kxd6 44.
Ke3 g5 45. Kd4 Bc8 46. e5+ Ke6 47. Kc5 Kf7 48. Kb6 Bxg4 49. Kb7 1-0

[Event "4th Stage Russian Cup"]
[Site "Samara RUS"]
[Date "2002.07.30"]
[Round "5"]
[White "Kovalevskaya,E"]
[Black "Obukhov,A"]
[Result "0-1"]
[WhiteElo "2486"]
[BlackElo "2444"]
[EventDate "2002.07.26"]

1. e4 e5 2. Nf3 Nc6 3. Bb5 a6 4. Ba4 d6 5. O-O Bd7 6. c3 Nf6 7. Re1 Be7 8.
d4 b5 9. Bc2 O-O 10. d5 Na5 11. Nbd2 c5 12. dxc6 Nxc6 13. Nf1 Re8 14. Bg5
Ng4 15. Qd2 Na5 16. b3 Qc7 17. Bxe7 Rxe7 18. Rac1 Rc8 19. Red1 Nb7 20. Bb1
Qb6 21. h3 Nf6 22. Ne3 h6 23. Nh4 g6 24. c4 b4 25. Qe2 Ree8 26. Nf3 Nc5 27.
Nh2 Kg7 28. Qf3 Be6 29. Nhf1 a5 30. g4 Red8 31. Ng3 Qb7 32. Kh2 Qe7 33. Rg1
Kf8 34. Nd5 Bxd5 35. exd5 Ke8 36. Qe3 Ng8 37. f4 exf4 38. Qxf4 Qg5 39.
Rce1+ Kf8 40. Qf2 Rc7 41. Rgf1 Kg7 42. Qd4+ Kf8 43. Re2 Re8 44. Ref2 Re5
45. Kg2 Kg7 46. Re2 Rce7 47. Rfe1 f6 48. Qf2 Rxe2 49. Rxe2 Re5 50. Ne4 Nxe4
51. Bxe4 h5 52. Bf3 hxg4 53. hxg4 f5 54. Qa7+ Kh8 55. Rxe5 dxe5 56. Kf2
Qd2+ 57. Be2 Nf6 58. gxf5 gxf5 59. Qb8+ Kh7 60. Qc7+ Kg6 61. Qb6 Qxa2 62.
d6 Qd2 63. d7 Qxd7 64. Qxa5 Qd4+ 65. Ke1 Qc3+ 66. Kf1 Ne4 67. Qb6+ Kg5 68.
Qd8+ Kf4 69. Qh4+ Ke3 70. Qh6+ f4 71. Qb6+ Qd4 72. Qxd4+ exd4 73. Ke1 f3
74. Bf1 d3 0-1

[Event "4th Stage Russian Cup"]
[Site "Samara RUS"]
[Date "2002.07.30"]
[Round "5"]
[White "Matveeva,S"]
[Black "Shinkevich,V"]
[Result "1/2-1/2"]
[WhiteElo "2448"]
[BlackElo "2487"]
[EventDate "2002.07.26"]

1. d4 d5 2. c4 c6 3. Nc3 e6 4. e3 Nf6 5. Nf3 Nbd7 6. Qc2 Bd6 7. b3 O-O 8.
Be2 a6 9. O-O e5 10. cxd5 cxd5 11. dxe5 Nxe5 12. Bb2 Be6 13. Rac1 Rc8 14.
Qb1 Bb8 15. Rfd1 Qd6 16. g3 Neg4 17. Qd3 Ba7 18. Rf1 Rfe8 19. Nd1 Rxc1 20.
Bxc1 Qd7 21. Nc3 Qc8 22. Qd2 b5 23. Nd4 Ne5 24. Bb2 Bd7 1/2-1/2

[Event "4th Stage Russian Cup"]
[Site "Samara RUS"]
[Date "2002.07.30"]
[Round "5"]
[White "Kornev,Alexe"]
[Black "Nikitin,An"]
[Result "1-0"]
[WhiteElo "2567"]
[BlackElo "2471"]
[EventDate "2002.07.26"]

1. e4 e6 2. d4 d5 3. Nd2 Nf6 4. e5 Nfd7 5. f4 c5 6. Ngf3 b6 7. a4 Nc6 8. c3
Be7 9. Bd3 cxd4 10. Nxd4 Bb7 11. O-O Nc5 12. Bb5 Rc8 13. f5 exf5 14. Nxf5
O-O 15. Qg4 g6 16. Nf3 Ne6 17. Nh6+ Kg7 18. Nxf7 Rxf7 19. Qxe6 Rc7 20. Qh3
Bc8 21. Bh6+ Kg8 22. Qg3 a6 23. Bxc6 Rxc6 24. Nd4 Bc5 25. Rxf7 Bxd4+ 26.
cxd4 Kxf7 27. Qf4+ 1-0

[Event "4th Stage Russian Cup"]
[Site "Samara RUS"]
[Date "2002.07.30"]
[Round "5"]
[White "Fominyh,A"]
[Black "Karpeshov,O"]
[Result "1-0"]
[WhiteElo "2530"]
[BlackElo "2408"]
[EventDate "2002.07.26"]

1. d4 d5 2. c4 e6 3. Nf3 Nf6 4. g3 Bb4+ 5. Bd2 Be7 6. Bg2 O-O 7. O-O c6 8.
Qc2 Nbd7 9. Bf4 Ne4 10. Nbd2 g5 11. Be3 f5 12. Nxe4 dxe4 13. Ne1 Bd6 14.
Rd1 Qe7 15. Bd2 e5 16. c5 Bc7 17. Qc4+ Rf7 18. Bc3 Nf6 19. dxe5 Nd5 20. Bd4
Bxe5 21. Nc2 Bc7 22. b3 Be6 23. Ba1 Nf4 24. Qb4 Nxe2+ 25. Kh1 Rd8 26. Qe1
f4 27. Qxe2 f3 28. Bxf3 Rxf3 29. Ne3 Kf7 30. Qb2 Kg6 31. Rxd8 Bxd8 32. Rd1
Bc7 33. Qd4 Bh3 34. Kg1 Rf8 35. Re1 Rd8 36. Qc3 Rd3 37. Qh8 Qf7 38. Nc4 Kh5
39. Ne3 Rd2 40. g4+ Bxg4 41. Nxg4 Kxg4 42. Rxe4+ Kh5 43. Bd4 Bxh2+ 44. Kg2
g4 45. Re5+ Kh4 46. Qd8+ 1-0

[Event "4th Stage Russian Cup"]
[Site "Samara RUS"]
[Date "2002.07.30"]
[Round "5"]
[White "Kruppa,Y"]
[Black "Frolyanov,D"]
[Result "1-0"]
[WhiteElo "2544"]
[BlackElo "2448"]
[EventDate "2002.07.26"]

1. d4 d5 2. c4 e6 3. Nc3 c6 4. e3 Bd6 5. Nf3 f5 6. Be2 Nf6 7. Ne5 O-O 8.
O-O b6 9. Bd2 Bb7 10. cxd5 cxd5 11. Nb5 Nc6 12. Nxc6 Bxc6 13. Nxd6 Qxd6 14.
Qb3 Rfd8 15. Rfc1 Qd7 16. a4 Ne4 17. Be1 Nd6 18. Qd1 Rac8 19. b3 a5 20. f3
Bb7 21. Bg3 Rxc1 22. Rxc1 Rc8 23. Rxc8+ Bxc8 24. Qc1 Bb7 25. h3 Bc6 26. Qe1
Nf7 27. Bh2 b5 28. Qxa5 bxa4 29. b4 Qd8 30. Bc7 Qa8 31. b5 Bb7 32. Qxa8+
Bxa8 33. Bd1 a3 34. Bb3 Bb7 35. Kf2 Bc8 36. Ke1 Bd7 37. b6 Bc8 38. Kd2 Kf8
39. Kc3 Ke7 40. Ba4 Nd6 41. Bxd6+ Kxd6 42. Kb3 e5 43. f4 exf4 44. exf4 Ba6
45. h4 Bf1 46. g3 1-0

[Event "4th Stage Russian Cup"]
[Site "Samara RUS"]
[Date "2002.07.30"]
[Round "5"]
[White "Pridorozhni,A"]
[Black "Dyachkov,S"]
[Result "1-0"]
[WhiteElo "2453"]
[BlackElo "2549"]
[EventDate "2002.07.26"]

1. e4 e6 2. d4 d5 3. Nd2 Nf6 4. e5 Nfd7 5. f4 c5 6. c3 Nc6 7. Ndf3 Qb6 8.
a3 Be7 9. b4 c4 10. a4 f6 11. g3 O-O 12. h4 fxe5 13. fxe5 a5 14. b5 Ncxe5
15. dxe5 Nxe5 16. Be2 Bd6 17. Bf4 Ng4 18. Nh3 e5 19. Qxd5+ Kh8 20. Bg5 Bf5
21. Nd2 Ne3 22. Bxe3 Qxe3 23. Qf3 Qa7 24. b6 Qb8 25. Qg2 Qd8 26. Ng5 Qxb6
1-0